Make-up Produkte - Statistiken

Allgemein
  • Dieses Quiz wurde 287 mal gespielt
  • Das Durchschnittsergebnis liegt bei 13 aus 18
Antwortstatistiken
Bildquiz Antwort % Korrekt
Lippenstift
100%
Lipgloss
92%
Wimpernzange
89%
Blush
88%
Eyeliner
88%
Mascara
88%
Setting Puder
82%
Foundation
78%
Lipliner
78%
Bronzer
76%
Lidschatten Palette
76%
Concealer
73%
Highlighter
71%
Setting Spray
65%
Kajal
63%
Primer
61%
Lippenöl
35%
Liquid eyeshadow
8%
Keine übereinstimmenden Quizze gefunden
Verteilung der Resultate
Anzahl Personen mit jedem Resultat
Perzentil nach korrekt beantworteten Fragen
Ihre Resultats-Entwicklung
Sie haben dieses Quiz noch nicht gespielt